000 00297nam a22001097a 4500
082 _a001
100 _aIndia Todey The Remaking Of India 1975-2025
_983695
245 _aIndia Todey The Remaking Of India 1975-2025
260 _aDelhi
_bIndia Today
_c2026
650 _a magazine
_983696
942 _cBK
999 _c68646
_d68646